Statistics for World Capitals Closest to Budapest - 15 Second Sprint

Click here to take the quiz!

General Stats

  • This quiz has been taken 29 times
  • The average score is 5 of 20

Answer Stats

capital% Correct
Vienna
70%
Bratislava
57%
Prague
48%
Bucharest
43%
Berlin
35%
Zagreb
35%
Warsaw
30%
Belgrade
22%
Ljubljana
22%
Sarajevo
17%
Sofia
17%
Podgorica
13%
Tirana
13%
Chișinău
9%
Rome
9%
Skopje
9%
Pristina
4%
Vaduz
4%
San Marino
0%
Vatican City
0%

Score Distribution

Percentile by Number Answered

Percent of People with Each Score

Your Score History

You have not taken this quiz